| 000 | 01042cam a22003013a 4500 | ||
|---|---|---|---|
| 001 | 2306 | ||
| 003 | PGUSA | ||
| 005 | 20140828083013.0 | ||
| 008 | 000801s2000||||xxu|||||s|||||000 | eng d | ||
| 040 |
_aPGUSA _beng |
||
| 042 | _adc | ||
| 050 | 4 | _aPS | |
| 100 | 1 |
_aHarris, Joel Chandler, _d1848-1908 |
|
| 245 | 1 | 0 |
_aUncle Remus, His Songs and His Sayings _h[electronic resource] / _cJoel Chandler Harris |
| 260 |
_bProject Gutenberg, _c2000 |
||
| 506 | _aPublic domain in the USA. | ||
| 516 | _aElectronic text | ||
| 653 | _aAfrican Americans -- Songs and music | ||
| 653 | _aGeorgia -- Literary collections | ||
| 653 | _aAfrican Americans -- Folklore -- Literary collections | ||
| 653 | _aRemus, Uncle (Fictitious character) -- Literary collections | ||
| 653 | _aAnimals -- Folklore -- Literary collections | ||
| 653 | _aPlantation life -- Literary collections | ||
| 653 | _aAfrican American men -- Literary collections | ||
| 830 | 0 |
_aProject Gutenberg _v2306 |
|
| 856 | 4 | 0 | _uhttp://www.gutenberg.org/ebooks/2306 |
| 942 | _cEB | ||
| 999 |
_c231643 _d231643 |
||